000 01324nam a2200361 a 4500
001 000113303
003 CHAP
005 20220329144348.0
008 170602s2016 mx sm |||||||spa d
010 _a109764
011 _a110736
040 _cCHAP
090 _aTesis
100 1 _aAlcantar Nava, Elizabeth
_9132462
245 1 0 _aNanofertilizantes en la producción de maíz (Zea mays) en Chapingo, México /
_h[En línea]
_cpor Elizabeth Alcantar Nava y Liliana Guzmán Francisco.
260 _aChapingo, Méx. :
_bEl autor,
_c2016.
500 _aPara ver el contenido del material haga clic en la liga
502 _aTesis (Ing. Agr. Esp. en Fitotecnia) -- UACH. Departamento de Fitotecnia
590 _aBATCH
_b00
_c20181121
_lUCH01
_h0758
590 _aE8697GMM
_b05
_c20170602
_lUCH01
_h1345
590 _aE8697GMM
_b05
_c20170602
_lUCH01
_h1425
650 1 4 _aFertilizantes
_xEfecto en maíz.
_940527
650 1 4 _aMaíz
_xFisiología y morfología.
_970958
650 1 4 _aMaíz
_xInnovaciones tecnológicas.
_970982
650 1 4 _aMaíz
_xMejoramiento.
_971006
650 1 4 _aMaíz
_xRendimiento.
_971051
700 1 _aGuzmán Francisco, Liliana
_9132463
856 _a1
_n0000177
856 _aFinding aid
_uhttp://10.13.5.2/tesis/sist113303.pdf
_zTeclea aquí
901 _aBK
942 _cTESIS
942 _n0
999 _c109764
_d109764